000 01332cam a22002651 4500
001 gs 28000465
003 DLC
005 20260227111333.0
008 911112s1928 ag b b 000 0 spa c
010 _ags 28000465
035 _a(OCoLC)24767369
040 _aLibrary, U. S. Geological Survey
_cTxU
_dTxU
_dDLC
042 _apremarc
050 0 0 _aQE231
_b.A35 no. 40
100 1 _aWichmann, Richard,
_d1881-1930.
245 1 0 _aContribución a la geología de los departamentos Chicalcó y Puelen de la parte occidental de la Pampa central,
_cpor Ricardo Wichmann ...
260 _aBuenos Aires,
_bTalleres gráficos del Ministerio de agricultura de la nación,
_c1928.
300 _a23 p.
_bfold. col. map.
_c27 cm.
490 1 _a[Argentine Republic] Dirección general de minas, geología e hidrología. Publicación
_vno. 40
500 _aAt head of title: República Argentina. Ministerio de agricultura de la nación.
501 _aWith : Datos hidrológicos del Desierto de Atacama (Territorio nacional de Los Andes). Buenos Aires : Talleres gráficos del Ministerio de agricultura de la nación,1927. Bound together subsequent to publication.
_5DLC
504 _a"Bibliografia": p. 23.
650 0 _aGeology
_zArgentina
_zPampa.
810 1 _aArgentina.
_bDirección General de Minas y Geología.
_tPublicación ;
_vno. 40.
999 _c26685
_d26685